00456nam a22001337a 4500003000500000038001800005082000800023100001600031245012600047264003500173650002500208700003200233856005700265NUST aNusrat Nadeem a200 aFatima Noor aFeature Optimized Lightweight Hybrid Autoencoder for Efficient ARP-Based Man in the Middle Attack Detection/cNoor Fatima aIslamabad:bSEECS NUST.c2025. aMS-Computer Science  aSupervisor: Dr. Qaiser Riaz uhttp://10.250.8.41:8080/xmlui/handle/123456789/55340